| 000 | 00372nam a2200145Ia 4500 | ||
|---|---|---|---|
| 008 | 210210b1996 xxu||||| |||| 00| 0 eng d | ||
| 082 | _a510.02 BOSM | ||
| 100 | _aBOSCO (S S). | ||
| 245 | _aMathematics tutor for common entrance. | ||
| 260 |
_aMangalore _bNot Mentioned _c1996 |
||
| 300 | _axvi,608 | ||
| 650 | _aCET maths | ||
| 690 | _aMaths Entrance | ||
| 906 | _a052169 | ||
| 999 |
_c100503 _d100503 |
||